000 00413nam a2200169Ia 4500
008 210210b2003 xxu||||| |||| 00| 0 eng d
082 _a417K CHES
100 _aCHENNAKKA PAVATE
245 _aShasana sanjivini
260 _aDharavada
_bChennaganga Prakashana
_c2003
300 _axii,188
650 _aShasana
650 _asanjivini
650 _aInscriptions
690 _aPaleography
906 _aSG04276
999 _c115072
_d115072